DIVIDE ENTRE 2 - Estadísticas

Estadísticas generales
  • Esta prueba ha sido intentada 82 veces
  • La puntuación promedio es 18 de 25
Estadísticas de respuestas
Hint Respuesta % Correcto
870 435
91%
11286 5643
85%
45678 22839
83%
2936 1468
80%
8050 4025
80%
91 45,5
80%
131534 65767
80%
180002 90001
80%
0,45 0,225
78%
1436 718
76%
3420 1710
74%
14842,2 7421,1
74%
1610 805
72%
3421 1710,5
65%
58 29
65%
640 320
63%
14842 7421
63%
1,6 0,8
61%
179712 89856
61%
179714 89857
61%
8438 4219
59%
1114 557
59%
989890 494945
57%
25580 12790
52%
640,000001 320,0000005
52%
No se encontraron pruebas coincidentes
Distribución de puntuación
Porcentaje de gente con cada puntuación
Porcentaje por número respondido
Historial de tus puntuaciones
No has intentado esta prueba.